00470cam a2200133 a 4500082002300000245002400023260007900047300002600126526003700152650001300189942001200202999001900214952010300233 a338.122095491bPAK10aPakistan Motorway / aIslamabad :bNational Highway Authority Ministry of Communications c1997. a21 p. :bill,c22 cm. a0b0c0d338_122095491000000_PAK aMCE9379 2ddccBK c543273d543273 00102ddc4070aMCEbMCEd2014-03-19l0o338.122095491 PAKpMCE-43199r2014-03-19w2014-03-19yBK